Pokémon Types - Sudden Death - Statistics

General Stats
  • This quiz has been taken 963 times
    198 since last reset
  • The average score is 13 of 18
Answers on the Grid
Answers color-coded by a green-red scale on the quiz's grid according to % correct below.
Normal
Fighting
Flying
Poison
Ground
Rock
Bug
Ghost
Steel
Fire
Water
Grass
Electric
Psychic
Ice
Dragon
Dark
Fairy
Stone
Legendary
Light
Sound
Time
Sand
Glass
Steam
Forest
Plastic
Metal
Magic
 
Answer Stats
Answer % Correct
Poison
81%
Electric
79%
Water
79%
Fairy
77%
Fire
77%
Ice
77%
Psychic
76%
Flying
75%
Bug
74%
Fighting
73%
Rock
73%
Ground
72%
Dragon
71%
Ghost
71%
Dark
70%
Grass
70%
Normal
70%
Steel
70%
No matching quizzes found
Score Distribution
Percent of People with Each Score
Percentile by Number Answered
Your Score History
You have not taken this quiz since the last reset